| 000 | 00427cam a2200181ua 4500 | ||
|---|---|---|---|
| 001 | 7248 | ||
| 008 | 141205n ii |||gr||||Z||||||eng | ||
| 040 | _cMAIN | ||
| 041 | _aeng | ||
| 082 | _a342 | ||
| 100 |
_aKapur, A. Ch., _eAuthor. |
||
| 245 |
_aSelect constitutions _cBy A. Ch. Kapur |
||
| 250 | _a10th rev. | ||
| 260 |
_aNew Delhi: _bS.chand, _c1979. |
||
| 300 | _ax,1023p. | ||
| 653 | _aSelect constitutions | ||
| 942 | _cBK | ||
| 999 |
_c6373 _d6373 |
||